Library Banner

Kya hum Musalman hein? (Record no. 98352)

MARC details
000 -LEADER
fixed length control field 00396nam a22001457a 4500
005 - DATE AND TIME OF LATEST TRANSACTION
control field 20170920144049.0
008 - FIXED-LENGTH DATA ELEMENTS--GENERAL INFORMATION
fixed length control field 170920b xxu||||| |||| 00| 0 eng d
040 ## - CATALOGING SOURCE
Transcribing agency PK-LaUMT
082 ## - DEWEY DECIMAL CLASSIFICATION NUMBER
Classification number PKAC 297.09
Item number QUT-K
100 ## - MAIN ENTRY--PERSONAL NAME
Personal name Qutab , Muhammad
245 ## - TITLE STATEMENT
Title Kya hum Musalman hein?
Statement of responsibility, etc Muhammad Qutab
260 ## - PUBLICATION, DISTRIBUTION, ETC. (IMPRINT)
Place of publication, distribution, etc لاہور:
Name of publisher, distributor, etc اسلامک بک پبلشرز،
Date of publication, distribution, etc 1982
300 ## - PHYSICAL DESCRIPTION
Extent 210 ص
942 ## - ADDED ENTRY ELEMENTS (KOHA)
Koha item type Books
Holdings
Withdrawn status Lost status Damaged status Home library Current library Date acquired Full call number Barcode Date last seen Price effective from Koha item type
      UMT Main Campus UMT Main Campus 2017-09-20 PKAC 297.09 QUT-K 114325 2017-09-20 2017-09-20 Books